00754nam a22002657a 4500003000500000005001700005008004100022010000900063011000900072035000900081040000900090082001400099100002400113245004800137260003100185300001100216490002700227500001000254650001700264650004700281700002300328700001600351710009400367830002700461CHAP20220817041057.0971013s1991 r 00010 d a5927 a6899 a6122 cCHAP a636.4bV400aVerstegen, M. W. A. aDigestive physiology in pigsb: proceedings aWageningen :bPudoc,c1991 a481 p. aEAAP Publicationv; 54 a60-6914aDigestión.14aGanado porcinoxAnatomía y fisiología.0 aHartog, L. A. den.0 aHuisman, J.0 aInternational Symposium on Digestive Physiology in Pigs (5:1991: Wageningen, Netherlands)0 aEAAP Publicationv; 54